| 000 | 00551nam a22001932 4500 | ||
|---|---|---|---|
| 001 | 0000019528 | ||
| 005 | 20151217161147.0 | ||
| 008 | 110106s xx 000 0 eng d | ||
| 020 | _a1842052152 : | ||
| 040 |
_aKABU _cKABU |
||
| 245 | 1 | 0 | _aStudents' English dictionary. |
| 250 | _a1st ed. | ||
| 260 |
_aNew Lanark, Scotland : _bGeddes Grosset, _c2003. |
||
| 300 | _a542 p. | ||
| 650 | 0 |
_aEnglish language _vDictionaries. _@0000148334 |
|
| 852 | 1 | _9p1075 KES | |
| 908 | _a110106 | ||
| 950 | _@1 | ||
| 999 |
_c15185 _d15185 |
||